00446nam a2200145Ia 4500008004100000245006900041260001700110260000900127300000800136650002300144650001200167856002900179999001900208952007300227170516s9999 xx 000 0 und d aImaging of Adrenal Masses with Emphasis on Adrenocortical Tumors bTheranostics c2012 a2:5 xMedical Technology xMedtech uhttp://www.thno.org/v2i5 c330341d330341 001040aCLbCLd2017-05-16l0r2017-05-16 00:00:00w2017-05-16yFOJ